|
|
|
|
| LEADER |
00812nam a22001811a 4500 |
| 082 |
|
|
|a M3
|b SAR/D
|
| 100 |
|
|
|a Sara Thomas
|9 70565
|
| 245 |
|
|
|a Daivamakkal/
|c by Sara Thomas
|
| 260 |
|
|
|a Kottayam:
|b National,
|c 1999.
|
| 300 |
|
|
|a 318p.
|
| 650 |
|
|
|a Novel Malayalam
|9 70566
|
| 650 |
|
|
|a Literature Malayalam
|9 70567
|
| 650 |
|
|
|a Literature
|9 70568
|
| 942 |
|
|
|c BK
|
| 999 |
|
|
|c 9684
|d 9684
|
| 952 |
|
|
|0 0
|1 0
|4 0
|6 M_3_000000000000000_SAR_D
|7 0
|9 14144
|a SSUS
|b SSUS
|d 2015-01-08
|g 130.00
|o M3 SAR/D
|p 026036
|r 2015-01-08
|v 0.00
|w 2015-01-08
|y BK
|
| 952 |
|
|
|0 0
|1 0
|4 0
|6 M_3_000000000000000_SAR_D
|7 0
|9 14145
|a SSUS
|b SSUS
|d 2015-01-08
|g 130.00
|l 1
|o M3 SAR/D
|p 026053
|r 2016-04-01
|s 2016-03-17
|v 0.00
|w 2015-01-08
|y BK
|
| 952 |
|
|
|0 0
|1 0
|4 0
|6 M_3_000000000000000_SAR_D
|7 0
|9 14146
|a SSUS
|b SSUS
|d 2015-01-08
|g 130.00
|o M3 SAR/D
|p 002973
|r 2015-01-08
|v 0.00
|w 2015-01-08
|y BK
|